| 000 | 00423nam a2200181Ia 4500 | ||
|---|---|---|---|
| 008 | 210210b1932 xxu||||| |||| 00| 0 eng d | ||
| 041 | _aeng | ||
| 082 | _a330/249 | ||
| 100 | _aLARRANAGA (P J M) | ||
| 245 | _aGold, glut and government | ||
| 260 |
_aLondon _bGeorge Allen & Unwin Ltd _c1932 |
||
| 650 | _agovernment | ||
| 650 | _aGold, | ||
| 650 | _aglut | ||
| 650 | _aand | ||
| 690 | _aEconomics | ||
| 906 | _a003653 | ||
| 999 |
_c120000 _d120000 |
||